Operational methods in mathematical physics (Record no. 772)

MARC details
000 -LEADER
fixed length control field 00612nam a2200181Ia 4500
003 - CONTROL NUMBER IDENTIFIER
control field IN-BaIIA
008 - FIXED-LENGTH DATA ELEMENTS--GENERAL INFORMATION
fixed length control field 211028s9999 xx 000 0 eng d
040 ## - CATALOGING SOURCE
Transcribing agency IIA Library
080 ## - UNIVERSAL DECIMAL CLASSIFICATION NUMBER
Universal Decimal Classification number 517.944
Item number JEF
100 ## - MAIN ENTRY--PERSONAL NAME
Personal name Jeffreys, Harold
245 #0 - TITLE STATEMENT
Title Operational methods in mathematical physics
Statement of responsibility, etc. Harold Jeffreys
260 ## - PUBLICATION, DISTRIBUTION, ETC.
Place of publication, distribution, etc. Cambridge
Name of publisher, distributor, etc. Cambridge University Press
Date of publication, distribution, etc. 1927
300 ## - PHYSICAL DESCRIPTION
Extent vi, 99p.
490 ## - SERIES STATEMENT
Series statement Cambridge tracts in mathematics and mathematical physics; v. 23
650 ## - SUBJECT ADDED ENTRY--TOPICAL TERM
Topical term or geographic name entry element Operations Research
9 (RLIN) 1657
650 ## - SUBJECT ADDED ENTRY--TOPICAL TERM
Topical term or geographic name entry element Partial Differential Equations
9 (RLIN) 1658
942 ## - ADDED ENTRY ELEMENTS (KOHA)
Koha item type Books
Holdings
Withdrawn status Lost status Damaged status Not for loan Home library Current library Shelving location Date acquired Cost, normal purchase price Total Checkouts Full call number Barcode Date last seen Cost, replacement price Price effective from Koha item type Purchase Price
        IIA Library-Bangalore IIA Library-Bangalore General Stacks   4.55   517.944/ JEF 796 05/11/2021 4.55   Books Rs. 4.55

Powered by Koha